Imitação de Sartre & Simone de Beauvoir (Record no. 73670)

MARC details
000 -LÍDER
campo de controle de tamanho fixo 00387 a2200157 4500
001 - NÚMERO DE CONTROLE
campo de controle 73670
020 ## - ISBN - INTERNATIONAL STANDARD BOOK NUMBER
ISBN - International Standard Book Number 8854323-0
040 ## - FONTE DA CATALOGAÇÃO
Instituição que transcreveu o registro Anchieta - Colégio São Paulo
100 ## - ENTRADA PRINCIPAL--NOME PESSOAL
Nome pessoal Melo, João
240 10 - TÍTULO UNIFORME
Título uniforme Imitação de Sartre & Simone de Beauvoir
Idioma da obra por
245 10 - TÍTULO
Título Imitação de Sartre & Simone de Beauvoir
300 ## - DESCRIÇÃO FÍSICA
Extensão 91
362 0# - DATAS DE PUBLICAÇÃO E/OU DESIGNAÇÃO SEQUENCIAL
Datas de publicação e/ou designação sequencial 0
650 #4 - ASSUNTO--TERMO TÓPICO
Cabeçalho tópico ou nome geográfico Ficção portuguesa
942 ## - ELEMENTOS DE ENTRADA ADICIONADOS (KOHA)
Tipo de material Koha Livros
Holdings
Situação do descarte Situação das perdas Situação física Não pode ser emprestado Biblioteca de origem Biblioteca atual Data de aquisição Total de empréstimos Número de chamada completo Código de barras Data de último acesso Data do preço efetivo Tipo de material Koha
        Colégio São Paulo Colégio São Paulo 22/11/2023   869.3 M528i 3959/CSP 22/11/2023 22/11/2023 Livros